000 01708cam a22005054i 4500
003 PE-LiUPU
005 20250731165641.0
008 150616s r 000 0 d
020 _a0300046472
035 _a(Sirsi) i9780300046472
040 _aPE-LiUPU
_bspa
_cPE-LiUPU
_erda
049 _aPRUA
082 0 4 _a492.4321d
_bZ76
_221
100 1 _aZilkha, Avraham,
_eautor.
245 1 0 _aModern Hebrew-English Dictionary /
_cAvraham Zilkha.
264 1 _aNew Haven :
_bYale University Press,
_c1989.
300 _a305 páginas ;
_c24 centímetros
336 _atext
_2rdacontent
337 _aunmediated
_2rdamedia
338 _avolume
_2rdacarrier
490 0 _aYale Languaje Series
505 0 _aDiccionario de Hebreo - Inglés Diccionario.
526 _aSEG44
526 _aSEG26
526 _aP151
526 _aP150
526 _aP149
526 _aP146
526 _aP145
526 _aP126
526 _aP125
526 _aP92
526 _aP75
526 _aP74
526 _aP27
526 _aP15
650 0 4 _aHebreo
_vDiccionarios
_xInglés.
910 _ajck
_bjvq
_cjck
942 _2ddc
_cBOOK
949 _aRC 492.4321D Z76
_wDEWEY
_c1
_i40588
_lCCODEBUL1
_mBUL
_r0
_sY
_tBOOK
_u2015-6-16
_xTEOLOGIA
_zUNKNOWN
_0COMPRA
_o.CIRCNOTE. No olvidar cambiar la fecha de devolución!!!!!!!
_o.STAFF. Colección General
994 _aC0
_bPEPRU
596 _a1
999 _aRC 492.4321D Z76
_wDEWEY
_c58373
_i40588
_d58373
_f2021-11-8
_g5
_lCCODEBUL1
_mBUL
_q9
_r1
_sY
_tBOOK
_u2015-6-16
_xTEOLOGIA
_zUNKNOWN
_0COMPRA
_o.CIRCNOTE. No olvidar cambiar la fecha de devolución!!!!!!!
_o.STAFF. Colección General
980 _81
_gALBERTO SANCHEZ Responsable de Automatización